Wszystkie miejscowości powiatu Toruńskiego z mapą - Statystyki

Ogólne statystyki
  • Ten quiz został rozwiązany 11 razy
  • Średni wynik to 33 z 135
Odpowiedzi na mapie
Odpowiedzi zakodowano w zielono-czerwonej skali na mapie do tego quizu, zgodnie z poniższymi procentami.
 
Statystyki odpowiedzi
Gmina Odpowiedź Populacja % Poprawnych
Miasto Chełmża 13691
88%
Lubicz Lubicz Dolny 3186
88%
Lubicz Lubicz Górny 3581
88%
Wielka Nieszawka Mała Nieszawka 2204
88%
Wielka Nieszawka Wielka Nieszawka 2500
88%
Lubicz Złotoria 2352
88%
Obrowo Osiek nad Wisłą 2189
75%
Łysomice Papowo Toruńskie 1243
75%
Zławieś Wielka Rozgarty 1122
75%
Obrowo Brzozówka 2150
63%
Czernikowo Czernikowo 3038
63%
Lubicz Grabowiec 800
63%
Lubicz Grębocin 2975
63%
Łubianka Łubianka 1361
63%
Łysomice Łysomice 2435
63%
Obrowo Obrowo 1806
63%
Obrowo Silno 1039
63%
Zławieś Wielka Zławieś Wielka 955
63%
Wielka Nieszawka Brzoza 155
50%
Wielka Nieszawka Cierpice 1295
50%
Obrowo Dzikowo 472
50%
Obrowo Kawęczyn 715
50%
Obrowo Łążyn 615
50%
Zławieś Wielka Łążyn 688
50%
Lubicz Nowa Wieś 530
50%
Łubianka Pigża 1227
50%
Chełmża Pluskowęsy 442
50%
Zławieś Wielka Zławieś Mała 1026
50%
Zławieś Wielka Cegielnik 990
38%
Zławieś Wielka Czarne Błoto 1307
38%
Obrowo Dobrzejewice 775
38%
Obrowo Głogowo 2736
38%
Zławieś Wielka Górsk 1964
38%
Lubicz Kopanino 497
38%
Lubicz Krobia 2210
38%
Obrowo Łążynek 324
38%
Łysomice Lulkowo 781
38%
Lubicz Młyniec 630
38%
Łysomice Ostaszewo 810
38%
Łysomice Piwnice 305
38%
Obrowo Smogorzewiec 105
38%
Zławieś Wielka Stary Toruń 1525
38%
Chełmża Zalesie 211
38%
Obrowo Zębowo 654
38%
Zławieś Wielka Czarnowo 735
25%
Czernikowo Czernikówko 550
25%
Chełmża Głuchowo 592
25%
Lubicz Gronowo 760
25%
Chełmża Grzywna 1131
25%
Lubicz Józefowo 76
25%
Chełmża Kiełbasin 126
25%
Chełmża Kończewice 814
25%
Chełmża Mirakowo 570
25%
Lubicz Młyniec Drugi 620
25%
Łysomice Różankowo 333
25%
Obrowo Sąsieczno 402
25%
Chełmża Sławkowo 211
25%
Obrowo Stajenczynki 419
25%
Obrowo Szembekowo 691
25%
Łysomice Tylice 203
25%
Łubianka Zamek Bierzgłowski 481
25%
Obrowo Zawały 800
25%
Obrowo Zębówiec 240
25%
Chełmża Brąchnówko 264
13%
Chełmża Browina 641
13%
Lubicz Brzeźno 355
13%
Łysomice Gostkowo 538
13%
Chełmża Grzegorz 134
13%
Łysomice Kamionki Duże 457
13%
Łysomice Kamionki Małe 263
13%
Czernikowo Kiełpiny 371
13%
Chełmża Kuczwały 472
13%
Obrowo Kuźniki 110
13%
Czernikowo Makowiska 317
13%
Lubicz Mierzynek 464
13%
Chełmża Nowa Chełmża 308
13%
Obrowo Obory 392
13%
Czernikowo Osówka 600
13%
Chełmża Parowa Falęcka 97
13%
Zławieś Wielka Pędzewo 597
13%
Lubicz Rogówko 596
13%
Lubicz Rogowo 377
13%
Obrowo Skrzypkowo 293
13%
Czernikowo Steklin 1142
13%
Czernikowo Steklinek 543
13%
Chełmża Strużal 103
13%
Chełmża Świętosław 137
13%
Łysomice Turzno 1036
13%
Chełmża Witkowo 97
13%
Czernikowo Witowąż 258
13%
Czernikowo Wygoda 224
13%
Chełmża Zajączkowo 156
13%
Łysomice Zęgwirt 127
13%
Chełmża Bielczyny 353
0%
Łubianka Bierzgłowo 264
0%
Łubianka Biskupice 484
0%
Chełmża Bocień 211
0%
Chełmża Bogusławki 87
0%
Łubianka Brąchnowo 551
0%
Lubicz Brzezinko 275
0%
Zławieś Wielka Cichoradz 298
0%
Łubianka Dębiny 255
0%
Chełmża Drzonówko 103
0%
Chełmża Dziemiony 211
0%
Chełmża Dźwierzno 433
0%
Zławieś Wielka Gutowo 273
0%
Czernikowo Jackowo 203
0%
Lubicz Jedwabno 435
0%
Obrowo Kazimierzewo 80
0%
Czernikowo Kijaszkowo 348
0%
Łysomice Kowróz-Kowrózek 237
0%
Czernikowo Liciszewy 272
0%
Łysomice Lipniczki 383
0%
Chełmża Liznowo 196
0%
Czernikowo Mazowsze 358
0%
Czernikowo Mazowsze-Parcele 300
0%
Chełmża Nawra 477
0%
Czernikowo Pokrzywno 80
0%
Łubianka Przeczno 276
0%
Zławieś Wielka Rzęczkowo 701
0%
Zławieś Wielka Siemoń 759
0%
Chełmża Skąpe 605
0%
Zławieś Wielka Skłudzewo 307
0%
Czernikowo Skwirynowo 166
0%
Łysomice Świerczyny 73
0%
Chełmża Szerokopas 104
0%
Zławieś Wielka Toporzysko 688
0%
Łubianka Warszewice 616
0%
Łubianka Wybcz 455
0%
Łubianka Wymysłowo 174
0%
Łysomice Wytrębowice 355
0%
Łysomice Zakrzewice 304
0%
Zławieś Wielka Zarośle Cienkie 252
0%
Chełmża Zelgno 295
0%
Czernikowo Zimny Zdrój 110
0%
Nie znaleziono quizów pasujących do podanych kryteriów
Rozkład punktacji
Procent ludzi z każdym wynikiem
Percentyl według liczby udzielonych odpowiedzi
Twoja historia wyników
Nie rozwiązałeś tego quizu